000 00433nam a2200193Ia 4500
005 20240823052152.0
008 240823s9999||||xx |||||||||||||| ||und||
020 _a978-81-907708-2-8-2
041 _aENGLISH
082 _A824.8 P9
100 _aBagavathgeetha P
245 0 _aKavin Tamil Urai Nool
250 _a1st
260 _c2009
_bNal
500 _aYES
650 _aGeneral
_bGeneral
942 _cBK
999 _c221243
_d221243